| 000 | 01745nam a2200373 a 4500 | ||
|---|---|---|---|
| 001 | 25024 | ||
| 003 | CO-ViMGA | ||
| 008 | 141112s2004 ck r 000 u spa d | ||
| 020 | _a9789589177778 | ||
| 040 |
_aCO-ViMGA _bspa _cCO-ViMGA |
||
| 090 | _aC LEE | ||
| 245 | 1 | 0 |
_apuro cuento / _cilustración de Rafael Yockteng y Daniel Gómez ; traducción Pedro Lama... (et. all.) |
| 250 | _a1a ed. | ||
| 260 |
_aBogotá : _bMinisterio de Cultura de Colombia, _c2012 |
||
| 300 | _a32 p. : il. col. | ||
| 490 |
_aLeer es mi cuento, _v3 |
||
| 505 | _aLa princesa y la alverja / Hans Christian Andersen ; El cuento de Alí el persa / de Las mil y una noches ; El gallo de oro / Alexander Pushkin ; Los tres cerditos / Joseph Jacobs ; El gigante egoísta / Oscar Wilde ; Los músicos de Bremen / Hermanos Grimm | ||
| 650 | 1 | 4 |
_aCUENTOS CLASICOS _92072 |
| 650 | 1 | 4 |
_aCUENTOS CLASICOS ALEMANES _98173 |
| 650 | 1 | 4 |
_aCUENTOS CLASICOS DANESES _98171 |
| 650 | 1 | 4 |
_aCUENTOS CLASICOS INGLESES _98172 |
| 650 | 1 | 4 |
_aCUENTOS INFANTILES _9487 |
| 650 | 1 | 4 |
_aDESDE LOS 3 AÑOS _98175 |
| 650 | 1 | 4 |
_aILUSTRADORES COLOMBIANOS _98174 |
| 700 | 1 |
_aAndersen, Hans Christian, 1805 - 1875 Pushkin, Alexander Serguéyevich, 1799 - 1837 Jacobs, Joseph, 1854 - 1916 Wilde, Oscar, 1854 - 1900 Grimm, Jacob y Wilhelm _98178 |
|
| 700 | 1 |
_aAndersen, Hans Christian. La princesa y la alverja _98179 |
|
| 700 | 1 |
_aGrimm, Jacob y Wilhelm. Los músicos de Bremen _98183 |
|
| 700 | 1 |
_aJacobs, Joseph. Los tres cerditos _98181 |
|
| 700 | 1 |
_aLama, Pedro _98177 |
|
| 700 | 1 |
_aPushkin, Alexander Serguéyevich. El gallo de oro _98180 |
|
| 700 | 1 |
_aWilde, Oscar. El gigante egoista _98182 |
|
| 700 | 1 |
_aYockteng, Rafael, 1976 - Gómez, Daniel _98176 |
|
| 942 |
_2ddc _cBK |
||
| 999 |
_c2583 _d2583 |
||